000
00283nam a2200109Ia 4500
008
220204s9999 xx 000 0 und d
082
_a
159.9
_b
CAS
100
_a
Herbert N
245
0
_a
Secrets of success and self improvement
260
_a
Bombay
_b
D B Taraporevala
_c
1977
942
_c
BK
999
_c
33085
_d
33085